1622 1264 1932 1696 1769 1304 1419 1033 1817 1187 1616 1836 1244 1041 1524 1160 1902 1997 1343 1214 1666 1696 1761 1228 1333 1366 1442 1560 1659 1546 1755 1328 1132 1489 1016 1587 1222 1767 1011 1560 1411 1293 1127 1538 1456 1969 1790 1867 1621 1397 1059 1318 1267 1264 1079 1624 1750 1343 1771 1663 1965 1438 1928 1677 1661 1185 1058 1002 1589 1605 1091 1159 1146 1718 1383 1144 1011 1102 1887 1488 1853 1268 1177 1237 1538 1435 1071 1469 1097 1135 1567 1829 1862 1517 1711 1296 1678 1475 1835 BCNSPRNW ULIB Ver.6.0+V

เปลี่ยนเป็นภาษาไทย

Change to English
 แสดงรายละเอียดบรรณานุกรม
  กลับหน้าหลัก

Brief Record : Get Marc (ISO 2709) : E-mail record : QR code < ปิดหน้าต่าง
LEADER : 00000nam 2200000uu 4500
001    13399127555
003     ULIB
008    210201s2563||||th 000 0 tha d
020    ^a9786165146586
060    ^aWY152^bน656ก
100    ^aนิราศศิริ โรจนธรรมกุล
245    ^aการพยาบาลผู้สูงอายุ : ด้านการดูแลสุขภาพกายและสุขภาพจิต Nursing care for Elderly : Physiology and Mental Health Aspect
250    ^aพิมพ์ครั้งที่ 1
260    ^aกรุงเทพฯ :^bไทยควอลิตี้บุ๊คส์ (2006),^c2563
300    ^a268 หน้า^bภาพประกอบ, ตาราง, ภาคผนวก
650    ^aผู้สูงอายุ^xสุขภาพและอนามัย
650    ^aผู้สูงอายุ^xสุขภาพจิต
650    ^aการพยาบาลผู้สูงอายุ
945    ^p290^l0^i28522
945    ^p290^l0^i28523
945    ^p290^l0^i28524
945    ^p290^l0^i28525
945    ^p290^l0^i28526
945    ^p290^l0^i28527
945    ^p290^l0^i28528
945    ^p290^l0^i28529
945    ^p290^l0^i28530
945    ^p290^l0^i28531
999    ^aกัณชพร จุลอักษร
รายการนี้ยังไม่มีแท็ก
คุณยังไม่ได้ล็อกอิน คุณสามารถมีกิจกรรมร่วมกับเว็บไซต์ได้ แต่ต้องล็อกอินก่อน ::
  ล็อกอิน

รายการสื่อสารสนเทศ

ลำดับที่ ประเภท เลขเรียก/บาร์โค้ด สถานที่ สถานะ
1. หนังสือสำรอง
หนังสือสำรอง
WY152 น656ก ฉ.1 
  Barcode: 28522
ห้องสมุดวิทยาเขตนครสวรรค์
►หนังสือทั่วไป:l:General Books
บนชั้น
2. วิทยาศาสตร์การแพทย์ และสุขภาพ
วิทยาศาสตร์การแพทย์ และสุขภาพ
WY152 น656ก ฉ.10 
  Barcode: 28531
ห้องสมุดวิทยาเขตนครสวรรค์
►หนังสือทั่วไป:l:General Books
บนชั้น
3. วิทยาศาสตร์การแพทย์ และสุขภาพ
วิทยาศาสตร์การแพทย์ และสุขภาพ
WY152 น656ก ฉ.2 
  Barcode: 28523
ห้องสมุดวิทยาเขตนครสวรรค์
►หนังสือทั่วไป:l:General Books
บนชั้น
4. วิทยาศาสตร์การแพทย์ และสุขภาพ
วิทยาศาสตร์การแพทย์ และสุขภาพ
WY152 น656ก ฉ.3 
  Barcode: 28524
ห้องสมุดวิทยาเขตนครสวรรค์
►หนังสือทั่วไป:l:General Books
บนชั้น
5. วิทยาศาสตร์การแพทย์ และสุขภาพ
วิทยาศาสตร์การแพทย์ และสุขภาพ
WY152 น656ก ฉ.4 
  Barcode: 28525
ห้องสมุดวิทยาเขตนครสวรรค์
►หนังสือทั่วไป:l:General Books
บนชั้น
6. วิทยาศาสตร์การแพทย์ และสุขภาพ
วิทยาศาสตร์การแพทย์ และสุขภาพ
WY152 น656ก ฉ.5 
  Barcode: 28526
ห้องสมุดวิทยาเขตนครสวรรค์
►หนังสือทั่วไป:l:General Books
บนชั้น
7. วิทยาศาสตร์การแพทย์ และสุขภาพ
วิทยาศาสตร์การแพทย์ และสุขภาพ
WY152 น656ก ฉ.6 
  Barcode: 28527
ห้องสมุดวิทยาเขตนครสวรรค์
►หนังสือทั่วไป:l:General Books
บนชั้น
8. วิทยาศาสตร์การแพทย์ และสุขภาพ
วิทยาศาสตร์การแพทย์ และสุขภาพ
WY152 น656ก ฉ.7 
  Barcode: 28528
ห้องสมุดวิทยาเขตนครสวรรค์
►หนังสือทั่วไป:l:General Books
บนชั้น
9. วิทยาศาสตร์การแพทย์ และสุขภาพ
วิทยาศาสตร์การแพทย์ และสุขภาพ
WY152 น656ก ฉ.8 
  Barcode: 28529
ห้องสมุดวิทยาเขตนครสวรรค์
►หนังสือทั่วไป:l:General Books
บนชั้น
10. วิทยาศาสตร์การแพทย์ และสุขภาพ
วิทยาศาสตร์การแพทย์ และสุขภาพ
WY152 น656ก ฉ.9 
  Barcode: 28530
ห้องสมุดวิทยาเขตนครสวรรค์
►หนังสือทั่วไป:l:General Books
บนชั้น

รายการใกล้เคียง
    ชื่อเรื่อง [การพยาบาลผู้สูงอายุ : ด้านการดูแลสุขภาพกายและสุขภาพจิต Nursing care for Elderly : Physiology and Mental Health Aspect]

    ผู้แต่ง [นิราศศิริ โรจนธรรมกุล]

    หัวเรื่อง [การพยาบาลผู้สูงอายุ]

BibComment


ยังไม่เคยถูกคอมเมนท์

คอมเมนท์ทรัพยากรรายการนี้
  คอมเมนท์: การพยาบาลผู้สูงอ..


 Copyright 2026. Bcnsprnw @Library